Financial accounting (Record no. 63050)

MARC details
000 -LEADER
fixed length control field 00922nam a2200193 a 4500
008 - FIXED-LENGTH DATA ELEMENTS--GENERAL INFORMATION
fixed length control field 120416s1981 ||||||||||||||||| || u
050 ## - LIBRARY OF CONGRESS CALL NUMBER
Classification number HF 5635 Her
100 ## - MAIN ENTRY--PERSONAL NAME
Personal name Hermanson, Roger H
245 10 - TITLE STATEMENT
Title Financial accounting
260 ## - PUBLICATION, DISTRIBUTION, ETC.
Place of publication, distribution, etc. Plano, [Tex.]
Name of publisher, distributor, etc. Business Publication
Date of publication, distribution, etc. 1981
300 ## - PHYSICAL DESCRIPTION
Extent xi, 679p. : ill
350 ## -
-- 0.00
650 #0 - SUBJECT ADDED ENTRY--TOPICAL TERM
Topical term or geographic name entry element ACCOUNTING--HANDBOOKS, MANUALS, ETC
650 ## - SUBJECT ADDED ENTRY--TOPICAL TERM
Topical term or geographic name entry element FINANCIAL ACCOUNTING
700 ## - ADDED ENTRY--PERSONAL NAME
Personal name Garrison, Ray H
995 ## -
-- MAIN LIBRARY OPEN ACCESS
-- 0.00
-- 704383
-- CBU-MAIN LIBRARY (Kitwe)
-- 3
-- 45.00
-- HF 5635 HER
-- 1
-- LOST
-- 007842
-- Main Library Open Access Collection
995 ## -
-- ANNEX COLLECTION (Main Library)
-- 0.00
-- 704384
-- CBU-MAIN LIBRARY (Kitwe)
-- 1
-- 45.00
-- HF 5635 HER
-- 3
-- AVAILABLE
-- 007844
-- Annex Low-Usage Collection
995 ## -
-- ANNEX COLLECTION (Main Library)
-- 0.00
-- 704382
-- CBU-MAIN LIBRARY (Kitwe)
-- 2
-- 45.00
-- HF 5635 HER
-- 2
-- AVAILABLE
-- 007843
-- Annex Low-Usage Collection
999 ## -
-- 63050
-- 63050
Holdings
Withdrawn status Lost status Source of classification or shelving scheme Damaged status Not for loan Permanent Location Current Location Shelving location Date acquired Total Checkouts Full call number Barcode Date last seen Price effective from Koha item type
          CBU-MAIN LIBRARY, KITWE. CBU-MAIN LIBRARY, KITWE.   12/24/2022   HF 5635 Her 007842 12/24/2022 12/24/2022 MONOGRAPH
          CBU-MAIN LIBRARY, KITWE. CBU-MAIN LIBRARY, KITWE.   12/24/2022   HF 5635 Her 007844 12/24/2022 12/24/2022 MONOGRAPH
          CBU-MAIN LIBRARY, KITWE. CBU-MAIN LIBRARY, KITWE.   12/24/2022   HF 5635 Her 007843 12/24/2022 12/24/2022 MONOGRAPH